Online
Catalog

Antología / (Record no. 21792)

MARC details
000 -CABECERA
campo de control de longitud fija 01474nam a2200229 a 4500
001 - NÚMERO DE CONTROL
campo de control 000022294
005 - FECHA Y HORA DE LA ÚLTIMA TRANSACCIÓN
campo de control 20200930011654.0
008 - DATOS DE LONGITUD FIJA--INFORMACIÓN GENERAL
campo de control de longitud fija 100922t1951 dr c 001 0dspa d
040 ## - FUENTE DE LA CATALOGACIÓN
Centro catalogador/agencia de origen DO-SdBNP
Lengua de catalogación spa
Centro/agencia transcriptor BNPHU
082 ## - NÚMERO DE LA CLASIFICACIÓN DECIMAL DEWEY
Número de clasificación 972.93
Número de documento/Ítem T266a
049 ## - FONDOS LOCALES (OCLC)
Fondos de biblioteca BNPD
100 1# - ENTRADA PRINCIPAL--NOMBRE DE PERSONA
Nombre de persona Tejera, Emiliano,
Fechas asociadas al nombre 1841-1923
9 (RLIN) 24003
245 10 - MENCIÓN DE TÍTULO
Título Antología /
Mención de responsabilidad, etc. Emiliano Tejera ; selección, prólogo y notas de Manuel Arturo Peña Batlle.
260 ## - PUBLICACIÓN, DISTRIBUCIÓN, ETC.
Lugar de publicación, distribución, etc. Ciudad Trujillo, República Dominicana :
Nombre del editor, distribuidor, etc. Librería Dominicana,
Fecha de publicación, distribución, etc. 1951.
300 ## - DESCRIPCIÓN FÍSICA
Extensión 219 p. :
Otras características físicas retr. ;
Dimensiones 18 cm.
490 1# - MENCIÓN DE SERIE
Mención de serie Pensamiento
500 ## - NOTA GENERAL
Nota general Incluye bibliografía y notas al pie de páginas.
505 0# - NOTA DE CONTENIDO CON FORMATO
Información miscelánea Emiliano Tejera /
Mención de responsabilidad Manuel Arturo Peña Batlle --
Título Un fraude improbable --
-- Monumento a Duarte --
-- Gobernadores de la Isla de Santo Domingo --
-- El artículo 4to del Tratado de 1874 --
-- Fragmento de la memoria que al ciudadano Presidente de la República, General Ramón Cáceres, presenta el ciudadano Ministro de Relaciones Exteriores Lic. Emiliano Tejera, 1907 --
-- Fragmento de la memoria que al ciudadano Presidente de la República, General Ramón Cáceres, presenta el ciudadano Ministro de Relaciones Exteriores Lic. Emiliano Tejera, 1908 --
-- Una carta en defensa del Seminario Conciliar --
-- Una carta sobre crianza libre en Santo Domingo.
651 #4 - PUNTO DE ACCESO ADICIONAL DE MATERIA--NOMBRE GEOGRÁFICO
Nombre geográfico República Dominicana
Subdivisión general Historia
Subdivisión cronológica 1844-1930
Subdivisión general Correspondencia, Memorias, Etc.
9 (RLIN) 46053
830 #0 - PUNTO DE ACCESO ADICIONAL DE SERIE-TÍTULO UNIFORME
Título uniforme Pensamiento
9 (RLIN) 9245
910 ## - DATOS DE OPCIÓN DEL USUARIO (OCLC)
Datos de opción del usuario Validado. Control de calidad EMS.
Holdings
Estado de retiro Estado de pérdida Restricciones de uso No para préstamo Código de colección Localización permanente Ubicación/localización actual Ubicación en estantería Fecha de adquisición Número de inventario Total de préstamos Signatura topográfica completa Código de barras Fecha visto por última vez Precio válido a partir de Tipo de ítem Koha Nota pública Número de copia
      Excluido de préstamo Raros y valiosos Patrimonio Dominicano Patrimonio Dominicano Depósito 22.09.2010 LF1   972.93 T266a 22294-10 25.06.2020 25.06.2020 No se presta Pertenenció a la biblioteca personal de Germán Emilio Ornes.  
      Excluido de préstamo Raros y valiosos Patrimonio Dominicano Patrimonio Dominicano Depósito 27.07.2011 LF1   972.93 T266a 22294-20 25.06.2020 25.06.2020 No se presta   e. 2

Powered by Koha